| 000 | 01274ncm a2200361 c 4500 | ||
|---|---|---|---|
| 100 |
_aБах, Йохан Себастиан _9248172 |
||
| 999 |
_c297186 _d297186 |
||
| 003 | BLK | ||
| 005 | 20240813005351.0 | ||
| 008 | 180414b bul |a|er|||| |0| c|bulo| | ||
| 010 | _aNOT00000453000 | ||
| 040 | _aBLK | ||
| 041 |
_aRUS _cRUS |
||
| 080 |
_aМузика за пиано _b786.2 _z786.2 |
||
| 139 |
_aБах, Йохан Себастиан _bВ 30 |
||
| 245 | 1 | 0 |
_aМаленькие прелюдии и фуги _bДля фортепиано _cЙохан Себастиан Бах; ред. Николай Кувшинников. |
| 257 | _aRUS | ||
| 260 |
_bМузыка 11457 _c1953 |
||
| 300 |
_a63 с. _c29 см |
||
| 380 | _a7 | ||
| 500 | _aПредговор от Н. Копчевский. Издания със същия изд. № : 1985 ; | ||
| 650 | 4 |
_aПиано - пиеси _9291568 |
|
| 653 | _aпиано | ||
| 653 | _aпрелюдии | ||
| 653 | _aфуги | ||
| 700 | 1 |
_aКувшинников, Николай _eред. _985113 |
|
| 852 |
_aЦб М ІІ 1353 _p0 |
||
| 856 | 4 |
_qpdf _u |
|
| 856 | 4 |
_qpdf _u |
|
| 942 |
_cNOT _n0 _s1 |
||
| 944 |
_aCR _c20.07.2004 _k _lCRON CRON |
||
| 944 |
_aED _c28.02.2018 _kВиолета_Тройчева |
||
| 999 | _d297186 | ||